A retreat from Sunningwell? (Record no. 73610)
[ view plain ]
| 000 -LEADER | |
|---|---|
| fixed length control field | 01798cam a2200277 4500 |
| 001 - CONTROL NUMBER | |
| control field | ABS67194 |
| 008 - FIXED-LENGTH DATA ELEMENTS--GENERAL INFORMATION | |
| fixed length control field | 031021n2003 000 0 eng u |
| 035 ## - SYSTEM CONTROL NUMBER | |
| System control number | (Sirsi) u123952 |
| 100 ## - MAIN ENTRY--PERSONAL NAME | |
| Personal name | Sydenham, A. |
| 245 #2 - TITLE STATEMENT | |
| Title | A retreat from Sunningwell? |
| 260 ## - PUBLICATION, DISTRIBUTION, ETC. | |
| Date of publication, distribution, etc. | 2003 |
| 490 ## - SERIES STATEMENT | |
| Series statement | Farm Tax Brief |
| Volume/sequential designation | August/September 2003, 7-8(2) |
| 520 ## - SUMMARY, ETC. | |
| Summary, etc. | Discusses the category of village greens, where inhabitants of any locality have rightfully enjoyed sports and pastimes for at least 20 years in the light of an article from "The Times", Quiet village army liberates greens from builders (14 July 2003), over the conflict between developers and the registration of new village greens. "R v Oxfordshire CC ex p Sunningwell PC" (HL, Abs60977) made it easier for these new village greens to be registered but the Countryside and Rights of Way Act 2000 has changed the predominance test. Discusses two cases, "R v Sunderland City Council ex p Beresford" (CA, Abs65765) and "R v Buckinghamshire CC ex p Laing Homes Ltd" ([2003] EWHC 1578, Abs67014) where applications to register land as village greens have been turned down. Legislation is needed to clarify the situation as these cases illustrate that developers can find themselves landed with claims for village greens on land that may already have planning permission. |
| 590 ## - LOCAL NOTE (RLIN) | |
| Local note | ABS |
| 650 ## - SUBJECT ADDED ENTRY--TOPICAL TERM | |
| Topical term or geographic name entry element | VILLAGE GREENS |
| 650 ## - SUBJECT ADDED ENTRY--TOPICAL TERM | |
| Topical term or geographic name entry element | DEVELOPMENTS |
| 650 ## - SUBJECT ADDED ENTRY--TOPICAL TERM | |
| Topical term or geographic name entry element | DEVELOPERS |
| 650 ## - SUBJECT ADDED ENTRY--TOPICAL TERM | |
| Topical term or geographic name entry element | PLANNING PERMISSION |
| 650 ## - SUBJECT ADDED ENTRY--TOPICAL TERM | |
| Topical term or geographic name entry element | R V OXFORDSHIRE CC AND ANOTHER EX P SUNNINGWELL PARISH COUNCIL |
| 650 ## - SUBJECT ADDED ENTRY--TOPICAL TERM | |
| Topical term or geographic name entry element | COMMONS REGISTRATION ACT 1965 |
| 650 ## - SUBJECT ADDED ENTRY--TOPICAL TERM | |
| Topical term or geographic name entry element | COUNTRYSIDE AND RIGHTS OF WAY ACT 2000 |
| 650 ## - SUBJECT ADDED ENTRY--TOPICAL TERM | |
| Topical term or geographic name entry element | R V SUNDERLAND CITY COUNCIL EX P BERESFORD |
| 650 ## - SUBJECT ADDED ENTRY--TOPICAL TERM | |
| Topical term or geographic name entry element | R V BUCKINGHAMSHIRE CC AND ANOTHER EX P LAING HOMES LTD |
| 690 ## - LOCAL SUBJECT ADDED ENTRY--TOPICAL TERM (OCLC, RLIN) | |
| Topical term or geographic name as entry element | PROPERTY |
| 942 ## - ADDED ENTRY ELEMENTS (KOHA) | |
| Suppress in OPAC | 0 |
| Withdrawn status | Lost status | Source of classification or shelving scheme | Damaged status | Not for loan | Home library | Current library | Shelving location | Date acquired | Total Checkouts | Full call number | Barcode | Date last seen | Copy number | Price effective from | Koha item type |
|---|---|---|---|---|---|---|---|---|---|---|---|---|---|---|---|
| Dewey Decimal Classification | London | London | Journal article | 21/10/2003 | ABS67194 | 123952-1001 | 06/08/2019 | 1 | 06/08/2019 | Journal article |